000 00761nam a2200229Ii 4500
003 JO-AjNU
008 230605s9999||||xx |||||||||||||| ||und||
017 _a2000/3728
020 _a977-294-178-3
040 _aJO-AjNU
_bara
_erda
_cJO-AjNU
041 _aara
050 1 4 _aGV1060.5.T39 2000
100 3 _aتوفيق، فراج عبد الحميد,
_eauthor
_920809
245 0 0 _aأسئلة وأجوبة في القانون الدولي للهواه
250 _aط1
264 3 1 _aالقاهرة: مركز الكتاب للنشر، 2000
300 _a141ص
336 _atext
_btxt
_2rdacontent
337 _aunmediated
_bn
_2rdamedia
338 _avolume
_bnc
_2rdacarrier
650 4 _aالقانون الدولي للهواه - الرياضة
_920810
999 _aA7121
_c10689
_d10689